[Rezension von: Thomas, Jean, Public rights, private relations]
| Main Author: | |
|---|---|
| Contributors: | |
| Format: | Electronic Review |
| Language: | English |
| Published: |
2017
|
| In: |
Human rights review
Year: 2017, Volume: 18, Issue: 3, Pages: 361-362 |
| Online Access: |
Volltext (lizenzpflichtig) Volltext (lizenzpflichtig) |
| Check availability: | HBZ Gateway |
| Keywords: |
MARC
| LEADER | 00000naa a22000002c 4500 | ||
|---|---|---|---|
| 001 | 1934616583 | ||
| 003 | DE-627 | ||
| 005 | 20250825081833.0 | ||
| 007 | cr uuu---uuuuu | ||
| 008 | 250825s2017 xx |||||oo 00| ||eng c | ||
| 024 | 7 | |a 10.1007/s12142-017-0465-3 |2 doi | |
| 035 | |a (DE-627)1934616583 | ||
| 035 | |a (DE-599)KXP1934616583 | ||
| 040 | |a DE-627 |b ger |c DE-627 |e rda | ||
| 041 | |a eng | ||
| 084 | |a 2,1 |2 ssgn | ||
| 100 | 1 | |a Chen, Kai |e VerfasserIn |4 aut | |
| 245 | 1 | 0 | |a [Rezension von: Thomas, Jean, Public rights, private relations] |c Kai Chen |
| 264 | 1 | |c 2017 | |
| 336 | |a Text |b txt |2 rdacontent | ||
| 337 | |a Computermedien |b c |2 rdamedia | ||
| 338 | |a Online-Ressource |b cr |2 rdacarrier | ||
| 655 | 7 | |a Rezension |0 (DE-588)4049712-4 |0 (DE-627)106186019 |0 (DE-576)209083166 |2 gnd-content | |
| 700 | 1 | |a Thomas, Jean |e VerfasserIn des Bezugswerks |0 (DE-588)1045213810 |0 (DE-627)773913831 |0 (DE-576)398849315 |4 ant | |
| 773 | 0 | 8 | |i Enthalten in |t Human rights review |d Dordrecht : Springer, 1999 |g 18(2017), 3, Seite 361-362 |h Online-Ressource |w (DE-627)320607771 |w (DE-600)2020969-1 |w (DE-576)109633938 |x 1874-6306 |7 nnas |
| 773 | 1 | 8 | |g volume:18 |g year:2017 |g number:3 |g pages:361-362 |
| 787 | 0 | 8 | |i Rezension von |a Thomas, Jean |t Public rights, private relations |b 1. ed. |d Oxford : Oxford Univ. Press, 2015 |h XIV, 269 S. |w (DE-627)797923780 |w (DE-576)415006279 |z 9780199677733 |
| 856 | 4 | 0 | |u https://doi.org/10.1007/s12142-017-0465-3 |x Resolving-System |z lizenzpflichtig |3 Volltext |7 1 |
| 856 | 4 | 0 | |u https://link.springer.com/article/10.1007/s12142-017-0465-3 |x Verlag |z lizenzpflichtig |3 Volltext |7 1 |
| 951 | |a AR | ||
| ELC | |a 1 | ||
| LOK | |0 000 xxxxxcx a22 zn 4500 | ||
| LOK | |0 001 4771191107 | ||
| LOK | |0 003 DE-627 | ||
| LOK | |0 004 1934616583 | ||
| LOK | |0 005 20250912124843 | ||
| LOK | |0 008 250912||||||||||||||||ger||||||| | ||
| LOK | |0 040 |a DE-2619 |c DE-627 |d DE-2619 | ||
| LOK | |0 092 |o n | ||
| LOK | |0 852 |a DE-2619 | ||
| LOK | |0 852 1 |9 00 | ||
| LOK | |0 939 |a 12-09-25 |b l01 | ||
| ORI | |a SA-MARC-krimdoka001.raw | ||
